[Event "SRB-ch U18"]
[Site "Kragujevac"]
[Date "2017.04.17"]
[Round "9"]
[White "Djordjevic, Mihajlo"]
[Black "Kecskemeti, Arpad"]
[Result "0-1"]
[WhiteElo "1509"]
[BlackElo "2220"]
[PlyCount "62"]
[EventDate "2017.04.11"]
[EventType "swiss"]
[EventRounds "9"]
[EventCountry "SRB"]
[SourceTitle "EXT 2019"]
[Source "ChessBase"]
[SourceDate "2018.10.10"]
[SourceVersion "1"]
[SourceVersionDate "2018.10.10"]
[SourceQuality "1"]

1. d4 Nf6 2. Nf3 g6 3. Bg5 Bg7 4. Nbd2 d6 5. e4 0-0 6. Bd3 Nbd7 7. 0-0 c6 8. c3 e5 9. Nc4 Qc7 10. Re1 Re8 11. h3 b5 12. Ncd2 a6 13. a4 Bb7 14. a5 exd4 15. cxd4 c5 16. b3 cxd4 17. b4 d5 18. Rc1 Qd6 19. exd5 Nxd5 20. Qb3 Qxb4 21. Qxb4 Nxb4 22. Rxe8+ Rxe8 23. Rc7 Nxd3 24. Rxb7 N7c5 25. Ra7 h6 26. Bh4 Ne1 27. Be7 Ned3 28. Bxc5 Nxc5 29. Rc7 Bf8 30. Nxd4 Re1+ 31. Kh2 Bd6+ 0-1

[Event "SRB-ch U18"]
[Site "Kragujevac"]
[Date "2017.04.16"]
[Round "8"]
[White "Damjanovic, Vuk"]
[Black "Djordjevic, Mihajlo"]
[Result "1-0"]
[WhiteElo "1719"]
[BlackElo "1509"]
[PlyCount "121"]
[EventDate "2017.04.11"]
[EventType "swiss"]
[EventRounds "9"]
[EventCountry "SRB"]
[SourceTitle "EXT 2019"]
[Source "ChessBase"]
[SourceDate "2018.10.10"]
[SourceVersion "1"]
[SourceVersionDate "2018.10.10"]
[SourceQuality "1"]

1. d4 d5 2. c4 e6 3. Nc3 Nf6 4. cxd5 exd5 5. Bg5 Be7 6. e3 0-0 7. Qc2 h6 8. Bh4 c6 9. Bd3 Be6 10. Nf3 Nfd7 11. Bxe7 Qxe7 12. h3 c5 13. dxc5 Nxc5 14. 0-0 Nxd3 15. Qxd3 Rd8 16. Rfd1 Nc6 17. a3 Qf6 18. Qe2 a6 19. Nd4 Nxd4 20. Rxd4 Rd6 21. Ne4 dxe4 22. Rxd6 Bc4 23. Rxf6 Bxe2 24. Rd6 Bb5 25. Rc1 Bc6 26. Kf1 Re8 27. Ke2 Kf8 28. Kd2 Ke7 29. Rd4 Rd8 30. Rxd8 Kxd8 31. b4 Ke7 32. Kc3 Kd6 33. Kb3 b5 34. Rd1+ Kc7 35. Kc3 Bb7 36. Kd4 Kd6 37. Rc1 g6 38. Rc5 f6 39. Rc1 Bc6 40. Rxc6+ Kxc6 41. Kxe4 Kd6 42. Kd4 Kc6 43. e4 Kd6 44. f4 g5 45. e5+ fxe5+ 46. fxe5+ Ke6 47. Ke4 h5 48. g3 g4 49. hxg4 hxg4 50. Kf4 Kd5 51. Kf5 Kc4 52. e6 Kb3 53. e7 Kxa3 54. e8Q Kxb4 55. Qe4+ Ka3 56. Qd3+ Ka4 57. Ke4 a5 58. Kd4 b4 59. Qd1+ Ka3 60. Kc4 a4 61. Qa1# 1-0